Informe final: evaluación externa Universidad del Museo Social Argentino

Salvato in:
Dettagli Bibliografici
Ente Autore: Comisión Nacional de Evaluación y Acreditación Universitaria (Autore)
Natura: Libro
Lingua:spagnolo
Pubblicazione: Buenos Aires CONEAU 2001
Serie:Evaluaciones Externas, 16
Soggetti:
Tags: Aggiungi Tag
Nessun Tag, puoi essere il primo ad aggiungerne!!

MARC

LEADER 00000nam a2200000 a 4500
001 UCI6273
003 CL-VaPUC
008 080425e20010000AG |||||||||||||||||spa|d
082 0 4 |a 378.81  |b COM  |2 21 
110 2 |a Comisión Nacional de Evaluación y Acreditación Universitaria  |e author  |9 529032 
245 1 0 |a Informe final: evaluación externa Universidad del Museo Social Argentino 
300 |a 74 p 
942 |c BK 
945 |d 20080425 00:00:00  |a jtorresc 
260 |a Buenos Aires  |b CONEAU  |c 2001 
600 0 7 |a UNIVERSIDAD DEL MUSEO SOCIAL ARGENTINO  |2 CL-VaPUC  |9 529033 
650 0 |a Acreditación universitaria   |9 499052 
650 0 |a Educación superior   |9 223851 
650 0 |a Calidad de la educación   |9 307271 
650 0 |a Evaluación  |9 271902 
650 7 |a GOBIERNO Y ADMINISTRACION  |2 CL-VaPUC  |9 258649 
651 0 |a Argentina  |9 254888 
583 |a last modification  |c 20080425 00:00:00  |k Rodrigo Vera 
490 0 |a Evaluaciones Externas, 16 
999 |c 329798  |d 329796 
952 |0 0  |1 0  |4 0  |6 378_810000000000000_COM_2001  |7 0  |8 A  |9 414892  |a BIBEDU  |b BIBEDU  |d 2019-11-22  |i 4433270  |o 378.81 COM 2001  |p 4433270  |r 2019-11-22  |w 2019-11-22  |y BK  |k EDU